| 000 | 01141nas a2200385 4500 | ||
|---|---|---|---|
| 001 | BR0302244 | ||
| 003 | BR-BrBNA | ||
| 005 | 20231205103747.0 | ||
| 007 | ta | ||
| 008 | 230509b bl.|||p| |||| 00| 00por d | ||
| 040 |
_aBR-BrBNA _bpor _cBiblioteca Nacional de Agricultura |
||
| 041 | _a(En) | ||
| 072 | _aF30 | ||
| 100 | 1 | _aGama, E.E.G. e | |
| 100 | 1 | _aMarriel, I.E. | |
| 100 | 1 | _aGuimarães, P.E. de O. | |
| 100 | 1 | _aParentoni, S.N. | |
| 100 | 1 | _aSantos, M.X. dos | |
| 100 | 1 | _aPacheco, P.H.C.A.P. | |
| 100 | 1 | _aMeireles, W.F. | |
| 100 | 1 | _aRibeiro, P.H.E. | |
| 100 | 1 | _aOliveira, A.C. de | |
| 245 | 1 | _aCombining ability for nitrogen use in a selected set of inbred lines from a tropical maize population | |
| 650 | _aMILHO | ||
| 650 | _aLINHAGEM | ||
| 650 | _aESPIGA | ||
| 650 | _aNITROGÊNIO | ||
| 650 | _aGERMOPLASMA | ||
| 650 | _aCRUZAMENTO DIALÉLICO | ||
| 650 | _aHÍBRIDO | ||
| 650 | _aPOPULAÇÃO DE PLANTA | ||
| 773 | 0 |
_tRevista Brasileira de Milho e Sorgo (Brazil) _xISSN 1676-689X _g(Sep-Dec 2002), v 1(3) p. 68-77 _wBR0302244 |
|
| 909 |
_a202311 _bLúcia _c55 _dLúcia Elande |
||
| 942 |
_2AGRIS _n0 _cANA |
||
| 999 |
_c174582 _d174582 |
||